Statistiques concernant Les 10 villes les + peuplées par A.

Cliquez ici pour prendre le quiz!

Statistiques générales

  • Ce quiz a été pris 127 fois
  • Le résultat moyen est 6 sur 10

Statistiques - réponses

RéponsesPop.Pays% Correct
N°6Accra5 390 455G . . . a
77%
N°3Atlanta6 853 392E . . . . - . . . s
75%
N°5Ankara5 503 985T . . . . . e
71%
N°9Abidjan4 765 000C . . . - . ' . . . . . e
70%
N°4Amman6 101 172J . . . . . . e
65%
N°2Alger7 796 923A . . . . . e
62%
N°8Addis-Abeba5 153 002E . . . . . . e
58%
N°7Alexandrie5 278 745E . . . . e
45%
N°1Ahmedabad8 067 743I . . e
27%
N°10Adana-Mersin3 975 522T . . . . . e
4%

Distribution des résultats

Percentile par nombre de réponses

% des personnes avec chaque résultat

Votre développement - résultats

Vous n’avez pas pris ce quiz